[Event "AUTO-ADV-3194"]
[Site "http://www.queenalice.com/game.php?id=1295392"]
[Date "2014.7.17"]
[Round "1"]
[White "masa"]
[Black "AlexiFischer"]
[Result "1-0"]
[WhiteElo "1615"]
[BlackElo "1622"]

1. e4 e5 2. Bc4 Nf6 3. Nc3 Nc6 4. Nf3 Bc5 5. d3 O-O 6. Bg5 h6 7. Bxh6 gxh6 8.
Qd2 Kh7 9. h3 d6 10. a3 Rg8 11. g3 Nd4 12. Nxd4 Bxd4 13. Bxf7 Rg7 14. Ba2 Qe8
15. O-O-O Be6 16. f3 Bxc3 17. Qxc3 Rxg3 18. b3 Rxf3 19. Rh2 1-0

[Event "AUTO-ADV-3194"]
[Site "http://www.queenalice.com/game.php?id=1295393"]
[Date "2014.7.17"]
[Round "1"]
[White "AlexiFischer"]
[Black "masa"]
[Result "1-0"]
[WhiteElo "1905"]
[BlackElo "1646"]

1. d4 e6 2. e4 d5 3. Nc3 dxe4 4. Nxe4 Nc6 5. Nf3 Nf6 6. Bg5 Qd5 7. Nxf6+ gxf6 8.
Bxf6 Rg8 9. g3 b6 10. c4 Qd6 11. Bg2 Qb4+ 12. Nd2 Qxb2 13. Nb3 Qc3+ 14. Nd2 Qxd4
15. Bxd4 1-0

[Event "AUTO-ADV-3194"]
[Site "http://www.queenalice.com/game.php?id=1295394"]
[Date "2014.7.17"]
[Round "1"]
[White "masa"]
[Black "DORLISS"]
[Result "0-1"]
[WhiteElo "1658"]
[BlackElo "1755"]

1. e4 e5 2. Bc4 Nf6 3. Nc3 Nxe4 4. Qe2 Nxc3 5. bxc3 Nc6 6. Qf3 Qf6 7. Qe2 d6 8.
d3 Be7 9. Nf3 O-O 10. Bg5 Qg6 11. Qe3 Be6 12. Bb3 Bxg5 13. Nxg5 Bxb3 14. cxb3 f5
15. h4 h6 16. Nh3 f4 17. Qf3 Ne7 18. h5 Qh7 19. O-O-O b5 20. Rd2 a5 21. g4 b4
22. c4 a4 23. bxa4 Rxa4 24. Kd1 Rfa8 25. g5 Qf5 26. gxh6 Rxa2 27. Qg2 Ra1+ 28.
Ke2 f3+ 29. Ke3 fxg2 30. Rh2 Re1+ 31. Re2 g1=Q 32. Nxg1 Qf4# 0-1

[Event "AUTO-ADV-3194"]
[Site "http://www.queenalice.com/game.php?id=1295395"]
[Date "2014.7.17"]
[Round "1"]
[White "DORLISS"]
[Black "masa"]
[Result "1-0"]
[WhiteElo "1710"]
[BlackElo "1673"]

1. e4 e5 2. Nf3 Nc6 3. Bb5 Qe7 4. O-O Nf6 5. d4 g6 6. Nc3 a6 7. Bxc6 bxc6 8.
dxe5 Ng8 9. Bg5 f6 10. exf6 Qe6 11. Qd4 Qf7 12. Qe5+ Kd8 13. Nd4 Bd6 14. Qa5 h6
15. Be3 Qxf6 16. Rad1 Bb7 17. f4 Qf7 18. e5 Be7 19. e6 Qf6 20. exd7 g5 21. fxg5
Qg6 22. Bf4 Bd6 23. Bxd6 Qxd6 24. Rf8+ Ke7 25. Nf5+ Kxd7 26. Rxd6+ cxd6 27. Rf7+
Ke6 28. Rxb7 hxg5 29. Nd4+ Kf6 30. Qf5# 1-0

[Event "AUTO-ADV-3194"]
[Site "http://www.queenalice.com/game.php?id=1295396"]
[Date "2014.7.17"]
[Round "1"]
[White "masa"]
[Black "Canaye"]
[Result "0-1"]
[WhiteElo "1683"]
[BlackElo "1828"]

1. e4 e6 2. Bc4 d5 3. exd5 exd5 4. Bb3 c5 5. Nc3 Nf6 6. d3 Be7 7. Bd2 Nc6 8. Nf3
O-O 9. a3 Bg4 10. Bf4 a6 11. Qd2 Bxf3 12. gxf3 Nh5 13. Rg1 Nd4 14. Bxd5 Bf6 15.
O-O-O Nxf4 16. Qxf4 Qb6 17. h4 Rae8 18. Na4 Ne2+ 19. Kb1 Qb5 20. Qxf6 Nxg1 21.
Rxg1 g6 22. h5 Qxa4 23. h6 Qd4 24. Qg5 Re5 25. Bxf7+ Rxf7 26. Qg3 Qd6 27. Qg4
Qe6 28. Qh4 Re1+ 29. Rxe1 Qxe1+ 30. Ka2 Qe7 31. Qg3 b5 32. f4 a5 33. Qg4 a4 34.
Qc8+ Rf8 35. Qc6 Rxf4 36. Qxb5 Qe6+ 37. Kb1 Rxf2 38. d4 cxd4 39. Qb8+ Rf8 40.
Qb5 Rc8 41. Qb7 Qe1+ 42. Ka2 Qe6+ 43. Kb1 Kf8 44. Qg7+ Ke8 45. Qh8+ Kd7 46.
Qxh7+ Kc6 47. Qa7 Rc7 48. Qa6+ Kd5 49. Qa8+ Qc6 50. Qa5+ Ke6 51. Qe1+ Kd7 52.
Qe2 Qh1+ 53. Ka2 Qxh6 54. Qg4+ Ke8 55. Qxd4 g5 56. Qxa4+ Rd7 57. Qa8+ Ke7 58.
Qe4+ Qe6+ 0-1

[Event "AUTO-ADV-3194"]
[Site "http://www.queenalice.com/game.php?id=1295397"]
[Date "2014.7.17"]
[Round "1"]
[White "Canaye"]
[Black "masa"]
[Result "1-0"]
[WhiteElo "1904"]
[BlackElo "1705"]

1. d4 e6 2. c4 Nc6 3. Nc3 g6 4. e4 d6 5. Nf3 Bg7 6. Bd3 Bd7 7. O-O Nxd4 8. Nxd4
Bxd4 9. Ne2 c5 10. Nxd4 cxd4 11. f4 Qe7 12. b4 O-O-O 13. b5 Be8 14. Qa4 Kb8 15.
Qa5 Rd7 16. b6 a6 17. Ba3 e5 18. c5 Qf6 19. f5 g5 20. cxd6 Nh6 21. Rfc1 Qg7 22.
Bb5 Rd8 23. Bxa6 Bc6 24. Bxb7 Kxb7 25. Qa7+ Kc8 26. Qc7# 1-0

[Event "AUTO-OPEN-3318"]
[Site "http://www.queenalice.com/game.php?id=1304923"]
[Date "2014.8.29"]
[Round "1"]
[White "masa"]
[Black "daddyrat"]
[Result "1-0"]
[WhiteElo "1620"]
[BlackElo "1781"]

1. e4 e5 2. Bc4 Nf6 3. Qe2 Nc6 4. Nc3 d6 5. Nf3 Be6 6. Bxe6 fxe6 7. d3 Qd7 8.
Bd2 h6 9. Be3 d5 10. exd5 exd5 11. d4 e4 12. Ne5 Nxe5 13. dxe5 Ng4 14. Bd4 O-O-O
15. Bxa7 c6 16. Bb6 Re8 17. Qd2 Bb4 18. a3 Bxc3 19. Qxc3 d4 20. Qa5 Qd5 21. Qa8+
Kd7 22. Qxb7+ Ke6 23. Rd1 Rb8 24. Qa6 d3 25. cxd3 Nxe5 26. dxe4 Qxe4+ 27. Kf1
Rhd8 28. Bxd8 Rxb2 29. Qc8+ Kf7 30. Qa6 Kg6 31. Bc7 Ng4 32. Qd3 Rxf2+ 33. Kg1
Rxg2+ 34. Kf1 Ne3+ 35. Ke1 Nxd1+ 36. Qxe4+ 1-0

[Event "AUTO-OPEN-3318"]
[Site "http://www.queenalice.com/game.php?id=1304924"]
[Date "2014.8.29"]
[Round "1"]
[White "daddyrat"]
[Black "masa"]
[Result "1-0"]
[WhiteElo "1763"]
[BlackElo "1631"]

1. e4 e5 2. Nf3 Nc6 3. d4 exd4 4. Nxd4 Bc5 5. Be3 Nf6 6. Nc3 a6 7. Nxc6 bxc6 8.
Bxc5 d6 9. Be3 Qe7 10. Bd3 Bb7 11. O-O c5 12. Qf3 h6 13. Rfe1 g5 14. Qh3 Bc8 15.
Qf3 g4 16. Qe2 h5 17. Bg5 h4 18. e5 dxe5 19. Nd5 Qe6 20. Nxc7+ 1-0

[Event "AUTO-OPEN-3318"]
[Site "http://www.queenalice.com/game.php?id=1304925"]
[Date "2014.8.29"]
[Round "1"]
[White "masa"]
[Black "silverado"]
[Result "0-1"]
[WhiteElo "1630"]
[BlackElo "1810"]

1. e4 d5 2. Qf3 Be6 3. d4 dxe4 4. Qxe4 Nc6 5. Nf3 Bd5 6. Qd3 a6 7. Nc3 Nb4 8.
Qd1 c6 9. a3 Bxf3 10. Qxf3 Nxc2+ 11. Ke2 Nxd4+ 0-1

[Event "AUTO-OPEN-3318"]
[Site "http://www.queenalice.com/game.php?id=1304927"]
[Date "2014.8.29"]
[Round "1"]
[White "masa"]
[Black "Artking"]
[Result "0-1"]
[WhiteElo "1621"]
[BlackElo "1956"]

1. e4 b6 2. Bc4 Bb7 3. Nc3 Nf6 4. Qe2 d6 5. Nf3 g6 6. d3 Bg7 7. Bf4 Nbd7 8. a3
O-O 9. h3 Qe8 10. g4 Rc8 11. g5 Nh5 12. Nd2 Nxf4 13. Qf3 Nh5 14. Nf1 Kh8 15. Ng3
Ne5 16. Qe2 Nf4 17. Qd1 Nxc4 18. dxc4 Bxc3+ 19. bxc3 e5 20. h4 Qa4 21. h5 Qxc4
22. hxg6 fxg6 23. Kd2 Ne6 24. Qg1 Nxg5 25. Kc1 Qxc3 26. Ra2 Nxe4 27. Qh2 Qd2+
28. Kb1 Nc3+ 29. Ka1 Bxh1 30. Qxh1 Nxa2 31. Kxa2 Qxc2+ 32. Ka1 Rxf2 33. Qb1 Qc3+
0-1

[Event "AUTO-OPEN-3318"]
[Site "http://www.queenalice.com/game.php?id=1304928"]
[Date "2014.8.29"]
[Round "1"]
[White "Artking"]
[Black "masa"]
[Result "1-0"]
[WhiteElo "1936"]
[BlackElo "1618"]

1. e4 e5 2. Nf3 Nc6 3. Bb5 Bc5 4. c3 a6 5. Ba4 b5 6. Bb3 Nf6 7. d3 Bb7 8. Nbd2
Qe7 9. Nxe5 Nxe5 10. d4 Ba7 11. dxe5 Qxe5 12. Qe2 d6 13. Nf3 Qe7 14. Ng5 Rf8 15.
f3 h6 16. Nh3 O-O-O 17. Be3 c5 18. Nf4 Rd7 19. O-O g5 20. Nd5 Nxd5 21. Bxd5 Bxd5
22. exd5 f5 23. Rfe1 f4 24. Bf2 Qf7 25. a4 Qxd5 26. axb5 axb5 27. Qxb5 Rg8 28.
b4 h5 29. bxc5 Rb7 30. Re8+ Rxe8 31. Qxe8+ Kc7 32. cxd6+ Qxd6 33. Bxa7 Qd2 34.
Bb8+ Rxb8 35. Ra7+ Rb7 36. Qe7+ Kc6 37. Qxb7+ Kc5 38. Qc7+ Kb5 39. Ra5# 1-0

[Event "AUTO-OPEN-3379"]
[Site "http://www.queenalice.com/game.php?id=1321520"]
[Date "2014.11.10"]
[Round "1"]
[White "pssservicos"]
[Black "masa"]
[Result "0-1"]
[WhiteElo "1524"]
[BlackElo "1645"]

1. e4 e5 2. Nf3 Nc6 3. Bc4 h6 4. O-O Bc5 5. Nc3 d6 6. a3 Qe7 7. b4 Bb6 8. Bb5
Bd7 9. Bxc6 Bxc6 10. b5 Bd7 11. d3 Nf6 12. d4 Bg4 13. dxe5 dxe5 14. Nd5 Nxd5 15.
Qxd5 Rb8 16. Nxe5 Be6 17. Qd3 Rd8 18. Qc3 Bd4 19. Nc6 bxc6 20. Qxc6+ Bd7 21. Qb7
Bxa1 22. Qxa7 Bxb5 23. Re1 Bd4 24. Qa5 Qe5 25. a4 Bc3 26. Qa6 Bxa6 27. Bd2 Bxd2
28. Rb1 Qxe4 29. g3 Qf3 30. h4 Ba5 31. Rc1 Bb6 32. c4 Qxf2+ 33. Kh1 Bb7# 0-1

[Event "AUTO-OPEN-3379"]
[Site "http://www.queenalice.com/game.php?id=1321521"]
[Date "2014.11.10"]
[Round "1"]
[White "masa"]
[Black "pssservicos"]
[Result "1-0"]
[WhiteElo "1635"]
[BlackElo "1485"]

1. e4 e5 2. Bc4 Nf6 3. Nc3 Bc5 4. h3 O-O 5. d3 c6 6. Nf3 b5 7. Bb3 a5 8. a3 a4
9. Ba2 b4 10. axb4 Bxb4 11. Bd2 Bxc3 12. Bxc3 d6 13. g4 Na6 14. Qe2 Nc5 15. Nd2
Ne6 16. f3 Nf4 17. Qf2 a3 18. b3 g6 19. g5 Nxh3 20. Rxh3 Bxh3 21. Ke2 Nh5 22.
Rg1 Nf4+ 23. Kd1 Be6 24. Qh4 Nh3 25. Rh1 Qb6 26. Ke1 Nf4 27. Qxh7# 1-0

[Event "AUTO-OPEN-3379"]
[Site "http://www.queenalice.com/game.php?id=1321542"]
[Date "2014.11.10"]
[Round "1"]
[White "Pagano"]
[Black "masa"]
[Result "1-0"]
[WhiteElo "2122"]
[BlackElo "1656"]

1. e4 e5 2. f4 exf4 3. Nf3 Bc5 4. d4 Bb6 5. Bxf4 d6 6. Bc4 h6 7. O-O Nf6 8. Kh1
Nxe4 9. Qe1 d5 10. Bxd5 Qxd5 11. Nc3 Qf5 12. Nxe4 Qa5 13. c3 Bf5 14. Nd6+ Kd7
15. Ne5+ Kxd6 16. Nc4+ Kd7 17. Nxa5 1-0

[Event "AUTO-OPEN-3379"]
[Site "http://www.queenalice.com/game.php?id=1321554"]
[Date "2014.11.10"]
[Round "1"]
[White "Bategoll"]
[Black "masa"]
[Result "1-0"]
[WhiteElo "1947"]
[BlackElo "1654"]

1. e4 e5 2. Bc4 Bc5 3. Nf3 Nc6 4. d3 h6 5. Nc3 Nf6 6. Be3 d6 7. Bxc5 dxc5 8. Qe2
Qe7 9. O-O-O Be6 10. Nd5 Bxd5 11. exd5 Nd4 12. Nxd4 cxd4 13. Rde1 Nd7 14. f4 f6
15. Qh5+ Kd8 16. fxe5 Nxe5 17. Qh4 Qc5 18. Re4 Kd7 19. Rxd4 b5 20. Bb3 g5 21.
Qe4 Rae8 22. Qf5+ Kd8 23. Qxf6+ Kc8 24. Qf5+ Nd7 25. Re4 Ref8 26. Qg4 Rh7 27.
Rhe1 Kb7 28. d4 Qb4 29. c3 Qa5 30. Qe2 Qb6 31. Kb1 a6 32. Re6 Qa5 33. c4 Rhf7
34. cxb5 Rf2 35. Qc4 Nb6 36. Qc6+ Kb8 37. Re8+ Nc8 38. b6 Qxb6 39. Qc3 Ka7 40.
R8e6 Nd6 41. Rxh6 R8f7 42. Rhe6 Rf1 43. Qc5 Kb7 44. Qxb6+ Kxb6 45. a3 Kb7 46.
Rxf1 Rxf1+ 47. Ka2 Rf2 48. Re1 Rxg2 49. Rh1 Nb5 50. d6 Nxd6 51. Bd5+ Kb6 52.
Bxg2 Kb5 53. Kb3 Kb6 54. h4 gxh4 55. Rxh4 Nf5 56. Rf4 Nd6 57. Rf6 a5 58. Rxd6+
cxd6 59. Ka4 Ka6 60. Bc6 Kb6 61. d5 Ka6 62. Kb3 Kb6 63. a4 Kc5 64. Kc3 Kb6 65.
Bb5 Kc5 66. b3 Kb6 67. Kd4 Kc7 68. Ke4 Kb6 69. Kf5 Kc7 70. Kf6 Kb6 71. Ke6 Kc7
72. Ke7 Kb6 73. Kxd6 Kb7 74. Kd7 Kb8 75. d6 Kb7 76. Ke8 Kc8 77. d7+ Kc7 78.
d8=Q+ Kb7 79. Qxa5 Kb8 80. Qb6+ Kc8 81. Ba6# 1-0

[Event "AUTO-OPEN-3379"]
[Site "http://www.queenalice.com/game.php?id=1321555"]
[Date "2014.11.10"]
[Round "1"]
[White "masa"]
[Black "Bategoll"]
[Result "0-1"]
[WhiteElo "1642"]
[BlackElo "1909"]

1. e4 Nf6 2. Nc3 e5 3. Bc4 Bc5 4. h3 d5 5. exd5 O-O 6. Nf3 c6 7. dxc6 Nxc6 8. a3
e4 9. Nh2 Qd4 10. Ba2 Qxf2# 0-1

[Event "AUTO-OPEN-3488"]
[Site "http://www.queenalice.com/game.php?id=1361671"]
[Date "2015.5.26"]
[Round "1"]
[White "masa"]
[Black "junipero"]
[Result "1-0"]
[WhiteElo "1672"]
[BlackElo "1957"]

1. e4 c5 2. Bc4 Nc6 3. Nf3 d6 4. Nc3 h6 5. d3 e5 6. Be3 Nf6 7. Qe2 Bg4 8. a3 Nd4
9. Bxd4 cxd4 10. Nd5 a6 11. h3 Bh5 12. g4 Bg6 13. Rg1 Qa5+ 14. b4 Qd8 15. g5
hxg5 16. Nxg5 b5 17. Ba2 Rh5 18. Qd2 Rxg5 19. Rxg5 Nxe4 20. dxe4 Bxe4 21. O-O-O
Rc8 22. Bb3 f6 23. Rg4 Bf5 24. Rg3 Rc6 25. Kb2 Qc8 26. Qe2 Be6 27. f4 Bxd5 28.
Bxd5 Rc3 29. Rdd3 Rc7 30. Rxd4 Re7 31. fxe5 Rxe5 32. Re4 Qd7 33. Rxe5+ dxe5 34.
Qh5+ Kd8 35. Rd3 Qa7 36. Bc6+ Kc8 37. Qe8+ Kc7 38. Rd7+ Kb6 39. Rxa7 Kxa7 40.
Qa8+ Kb6 41. Qb7# 1-0

[Event "AUTO-OPEN-3488"]
[Site "http://www.queenalice.com/game.php?id=1361672"]
[Date "2015.5.26"]
[Round "1"]
[White "junipero"]
[Black "masa"]
[Result "1-0"]
[WhiteElo "1945"]
[BlackElo "1650"]

1. d4 d5 2. c4 b6 3. Nc3 Nf6 4. e3 Bb7 5. Nf3 Nc6 6. cxd5 Nxd5 7. Nxd5 Qxd5 8.
g3 e6 9. a3 Nb8 10. Bg2 Qd7 11. O-O Nc6 12. Qc2 Bd6 13. b4 Ba6 14. Nd2 Bb7 15.
Bb2 f6 16. Rac1 a6 17. Bxc6 Bxc6 18. Qxc6 Ke7 19. Ne4 Qc8 20. Nxd6 cxd6 21. Qxb6
Qb8 22. Qc7+ Kf8 23. Qd7 e5 24. Rc7 Qxc7 25. Qxc7 g6 26. Qxd6+ Kg7 27. dxe5 Kh6
28. exf6 Rhf8 29. h4 1-0

[Event "AUTO-OPEN-3488"]
[Site "http://www.queenalice.com/game.php?id=1361673"]
[Date "2015.5.26"]
[Round "1"]
[White "masa"]
[Black "robertson"]
[Result "1-0"]
[WhiteElo "1699"]
[BlackElo "1868"]

1. e4 e5 2. Nc3 c6 3. Bc4 Qf6 4. Nf3 h6 5. d3 Bb4 6. Bd2 Bc5 7. Qe2 b5 8. Bb3 d6
9. a3 Nd7 10. Be3 Ne7 11. Bxc5 Nxc5 12. Ba2 Ng6 13. h3 Nf4 14. Qf1 g5 15. g4 Ng6
16. Nh2 h5 17. O-O-O h4 18. Rd2 Nf4 19. f3 a5 20. Kd1 Qd8 21. d4 Nb7 22. dxe5
Rh6 23. Ne2 Ne6 24. Qf2 Nec5 25. c3 Qe7 26. b4 axb4 27. axb4 Na4 28. Nc1 Nxc3+
29. Ke1 Qxe5 30. Rc2 c5 31. Qd2 Ra3 32. Nd3 Qf6 33. Rf1 c4 34. Nc1 Nd8 35. f4
Rg6 36. fxg5 Qe5 37. Qe3 Nc6 38. Nf3 Qg3+ 39. Kd2 Nb1+ 40. Bxb1 Rxe3 41. Kxe3 d5
42. exd5 Nb8 43. Re2 Ra6 44. Rg1 Qd6 45. Kf2+ Kf8 46. Rd2 Ra3 47. Nxh4 Qf4+ 48.
Ke1 Qe5+ 49. Ne2 Qxg5 50. Nf5 Rxh3 51. Nd6 Ba6 52. Rf1 f6 53. Nf4 Re3+ 54. Kd1
Qxg4+ 55. Kc1 Rc3+ 56. Bc2 Ke7 57. Rg2 Qd7 58. Rg7+ Kxd6 59. Rxd7+ Nxd7 60. Kb2
Rg3 61. Nh5 Rg2 62. Nxf6 Ne5 63. Kc3 Bc8 64. Nh5 Rh2 65. Rf6+ Kc7 66. d6+ Kb8
67. Nf4 Rf2 68. Nd5 Rxf6 69. Nxf6 Be6 70. Kd4 Nc6+ 71. Kc5 Na7 72. Ne8 Bd7 73.
Nc7 Kb7 74. Be4+ Kb8 75. Na6+ Kc8 76. Kb6 Nc6 77. Bxc6 Bf5 78. Bxb5 c3 79. Nc5
Kd8 80. Nb3 Be6 81. Nc1 Bf5 82. Bd3 Bxd3 83. Nxd3 Kd7 84. Kc5 c2 85. b5 c1=Q+
86. Nxc1 1-0

[Event "AUTO-OPEN-3488"]
[Site "http://www.queenalice.com/game.php?id=1361674"]
[Date "2015.5.26"]
[Round "1"]
[White "robertson"]
[Black "masa"]
[Result "0-1"]
[WhiteElo "1896"]
[BlackElo "1646"]

1. e4 e5 2. a3 Bc5 3. Nf3 Nc6 4. c3 Nf6 5. b4 Bb6 6. Bc4 Nxe4 7. d4 Qf6 8. Bd5
Nd6 9. Be3 a6 10. Qd3 Ba7 11. Bg5 Qg6 12. Qd2 b5 13. dxe5 Nc4 14. Qf4 h6 15. Be4
hxg5 16. Nxg5 Qh5 17. Ra2 N6xe5 18. Re2 Bb7 19. Qg3 O-O-O 20. Bxb7+ Kxb7 21. h3
Rde8 22. O-O Qxe2 23. Qf4 Ne3 24. Nd2 Nxf1 25. Qe4+ Qxe4 26. Ndxe4 f5 27. Nc5+
Bxc5 28. bxc5 Nd2 29. c6+ Kxc6 0-1

[Event "AUTO-OPEN-3488"]
[Site "http://www.queenalice.com/game.php?id=1361675"]
[Date "2015.5.26"]
[Round "1"]
[White "masa"]
[Black "Alcar"]
[Result "1-0"]
[WhiteElo "1682"]
[BlackElo "1699"]

1. e4 c5 2. Bc4 e6 3. Nf3 Nc6 4. Nc3 Nf6 5. d3 d5 6. Bb5 Bd7 7. Qe2 Be7 8. Bd2
a6 9. Bxc6 Bxc6 10. e5 Nd7 11. Bf4 O-O 12. h4 d4 13. Ne4 Nb6 14. b3 Nd7 15. g4
h6 16. h5 f6 17. exf6 Nxf6 18. g5 Nxe4 19. dxe4 Bxg5 20. Be5 Bf6 21. Rg1 Bxe5
22. Nxe5 Bb5 23. Qg4 Qf6 24. Qg3 d3 25. cxd3 Rad8 26. Rc1 b6 27. Ng4 Qg5 28. Rd1
Rf7 29. e5 Rd5 30. a4 Bc6 31. Nf6+ gxf6 32. exf6 Rxf6 33. Qb8+ Rf8 34. Rxg5+
Rxg5 35. Qxb6 Bf3 36. Rc1 Re8 37. Qxa6 Kf7 38. Qa7+ Kf6 39. Rxc5 Bxh5 40. Rxg5
hxg5 41. Qd4+ e5 42. Qe4 Bg6 43. Qd5 e4 44. dxe4 Bxe4 45. Qd4+ Kf7 46. Kf1 Re7
47. a5 Re8 48. a6 Ba8 49. b4 Kg6 50. b5 Kf5 51. b6 Rb8 52. b7 Bxb7 53. Qd7+ Kf4
54. axb7 1-0

[Event "AUTO-OPEN-3488"]
[Site "http://www.queenalice.com/game.php?id=1361676"]
[Date "2015.5.26"]
[Round "1"]
[White "Alcar"]
[Black "masa"]
[Result "1-0"]
[WhiteElo "1676"]
[BlackElo "1699"]

1. d4 d5 2. c4 b6 3. Nc3 Nf6 4. Nf3 Bf5 5. Bg5 h6 6. Bxf6 exf6 7. Nxd5 Nc6 8. e3
Be4 9. Be2 Bxd5 10. cxd5 Na5 11. O-O Qxd5 12. a4 Bb4 13. Qc1 Rc8 14. Bb5+ c6 15.
Be2 Nb3 16. Qd1 Nxa1 17. Qxa1 Ra8 18. Rd1 f5 19. Ne5 g5 20. Qc1 Rc8 21. Bc4 Qe4
22. Bxf7+ Ke7 23. Bb3 h5 24. Ng6+ Kf6 25. Nxh8 Rxh8 26. f3 Qh4 27. Qxc6+ Ke7 28.
Qe6+ Kf8 29. Qxf5+ Ke8 30. Qc8+ Ke7 31. Qxh8 Be1 32. Qe5+ Kd7 33. g3 Qh3 34.
Rxe1 g4 35. fxg4 hxg4 36. Qg7+ Kd6 37. Qg6+ Kd7 38. Be6+ Ke7 39. Bxg4 Qh8 40.
Qe6+ Kf8 41. Rf1+ Kg7 42. Rf7+ Kg8 43. Qe8# 1-0